Statistiques concernant Cuisine - Sélectionnez les bons ingrédients

Cliquez ici pour prendre le quiz!

Statistiques générales

  • Ce quiz a été pris 1 919 fois
  • Le résultat moyen est 59 sur 80

Statistiques - réponses

QuestionTuileSelect% Correct
Salade niçoiseNon
97%
Pizza HawaïenneNon
95%
Pizza HawaïenneOui
94%
Pizza HawaïenneOui
93%
Pizza HawaïenneNon
92%
Pizza HawaïenneNon
92%
Bœuf BourguignonNon
92%
Salade niçoiseNon
92%
Bœuf BourguignonNon
91%
Pizza HawaïenneNon
91%
Bœuf BourguignonNon
91%
Pizza HawaïenneNon
91%
Pizza HawaïenneNon
90%
Pizza HawaïenneNon
90%
Pizza HawaïenneNon
89%
Pizza HawaïenneNon
89%
Bœuf BourguignonNon
88%
Bœuf BourguignonNon
88%
Bœuf BourguignonOui
88%
Salade niçoiseNon
87%
CanneléNon
87%
Bœuf BourguignonOui
86%
Salade niçoiseNon
86%
CanneléNon
86%
CanneléNon
86%
CanneléNon
86%
Pizza HawaïenneOui
86%
Salade niçoiseOui
85%
Salade niçoiseNon
85%
Salade niçoiseNon
85%
Tarte flambéeNon
84%
Tarte flambéeNon
84%
Tarte flambéeNon
84%
Bœuf BourguignonNon
84%
Salade niçoiseOui
83%
CanneléNon
83%
CanneléNon
83%
Tarte flambéeNon
83%
Tarte flambéeNon
83%
Bœuf BourguignonNon
82%
Tarte flambéeOui
82%
Tarte flambéeNon
82%
CanneléNon
81%
Tarte flambéeNon
81%
Tarte flambéeNon
80%
Tarte flambéeNon
79%
CanneléOui
79%
CanneléNon
77%
Bœuf BourguignonOui
77%
CanneléOui
76%
Bœuf BourguignonOui
75%
CanneléOui
72%
Tarte flambéeNon
71%
Bœuf BourguignonNon
67%
Bœuf BourguignonNon
67%
Tarte flambéeOui
67%
Salade niçoiseOui
65%
CanneléOui
61%
Tarte flambéeOui
61%
CanneléOui
57%
Bœuf BourguignonOui
57%
CanneléOui
56%
Tarte flambéeNon
55%
Bœuf BourguignonOui
52%
Pizza HawaïenneOui
51%
Salade niçoiseNon
51%
Tarte flambéeOui
50%
Bœuf BourguignonOui
49%
Salade niçoiseOui
49%
CanneléOui
48%
Tarte flambéeOui
44%
Salade niçoiseOui
43%
Salade niçoiseOui
42%
Pizza HawaïenneOui
42%
Salade niçoiseOui
40%
Salade niçoiseOui
38%
CanneléNon
34%
Pizza HawaïenneOui
32%
Pizza HawaïenneOui
30%
Salade niçoiseOui
27%

Distribution des résultats

Percentile par nombre de réponses

% des personnes avec chaque résultat

Votre développement - résultats

Vous n’avez pas pris ce quiz